[Event "EU-chT (Men) 10th"]
[Site "Debrecen"]
[Date "1992.11.??"]
[Round "6.1"]
[White "Bologan, Viktor"]
[Black "Georgiev, Kiril"]
[Result "0-1"]
[WhiteElo "2585"]
[BlackElo "2605"]
[Annotator "Blatny,P"]
[PlyCount "96"]
[EventDate "1992.11.20"]
[EventType "team-swiss"]
[EventRounds "9"]
[EventCountry "HUN"]
[SourceTitle "EU-chT"]
[Source "ChessBase"]
[SourceDate "1999.07.01"]
[SourceVersion "2"]
[SourceVersionDate "1999.07.01"]
[SourceQuality "1"]
[WhiteTeam "Moldova"]
[BlackTeam "Bulgaria"]
[WhiteTeamCountry "MDA"]
[BlackTeamCountry "BUL"]

1. e4 c5 2. Nf3 d6 3. d4 cxd4 4. Nxd4 Nf6 5. Nc3 g6 6. Be3 Bg7 7. f3 Nc6 8. Bc4
O-O 9. Bb3 Bd7 10. Nde2 Rb8 11. O-O b5 12. Nf4 a5 13. a4 (13. a3 a4 14. Ba2 b4
$15) 13... b4 14. Nb5 Ne5 15. Qe2 Qe8 (15... Qc8 {/\ Qa6}) 16. Nc7 (16. Nd4 {>=
} Nc6 17. Nxc6 Bxc6 $14) 16... Qd8 17. Nb5 (17. Ncd5 Nxd5 18. Nxd5 $10) 17...
Qc8 18. Nd4 Nc6 19. Nxc6 Bxc6 20. Nd3 Nd7 21. Bg5 (21. Rfd1 $10) 21... Re8 22.
f4 e6 23. Rae1 Qb7 24. e5 (24. Kh1 $15) 24... Bd5 25. Bxd5 (25. exd6 Bxb3 26.
cxb3 Qb6+ 27. Kh1 Qxd6 $15) 25... exd5 26. Qf2 dxe5 27. fxe5 Nxe5 28. Nxe5 Rxe5
29. Rxe5 Bxe5 30. Bf6 Re8 (30... Bxf6 31. Qxf6 Re8 $17) 31. Bxe5 (31. Re1 $6
Qb8 $17) 31... Rxe5 32. Qc5 Qa6 33. Qc7 (33. h3 $1 $15) 33... Qe6 34. Qxa5 (34.
h3 {>=}) 34... Re1 35. Qa8+ Kg7 36. Qa7 Rxf1+ 37. Kxf1 Qf6+ 38. Kg1 (38. Ke1
Qxb2 39. Kd1 Qa1+ 40. Kd2 Qc3+ 41. Kd1 d4 {/\ d3, b3}) 38... Qxb2 39. Qc5 (39.
h3 {>=}) 39... Qa1+ 40. Kf2 Qxa4 41. Ke3 b3 42. Qxd5 bxc2 43. Kd2 Qf4+ 44. Kxc2
Qxh2 45. Kd2 Qf4+ 46. Ke1 h5 47. Qa8 h4 48. Qa1+ Kh6 0-1

[Event "Nordic zt"]
[Site "Ostersund"]
[Date "1992.??.??"]
[Round "5"]
[White "Hector, Jonny"]
[Black "Yrjola, Jouni"]
[Result "0-1"]
[WhiteElo "2535"]
[BlackElo "2460"]
[Annotator "Boensch,U"]
[PlyCount "142"]
[EventDate "1992.??.??"]
[EventType "swiss"]
[EventRounds "9"]
[EventCountry "NOR"]
[SourceTitle "CBM 031"]
[Source "ChessBase"]
[SourceDate "1992.12.01"]
[SourceVersion "1"]
[SourceVersionDate "1992.12.01"]
[SourceQuality "1"]

1. e4 c5 2. Nf3 d6 3. d4 cxd4 4. Nxd4 Nf6 5. Nc3 g6 6. Be3 Bg7 7. f3 Nc6 8. Bc4
O-O (8... Qb6 9. Nf5 Qxb2 10. Nxg7+ Kf8 11. Nd5 Kxg7 12. Rb1 Qa3 13. Qd2 h5 14.
O-O Qa5 15. c3 Nxd5 16. exd5 Ne5 17. Bd4 f6 18. Rfe1 Nxc4 19. Rxe7+ $40 {
Hellers,F-Ernst,T Nordic zt (02) 1992 1-0 43 -CBM 31}) 9. Qe2 Bd7 10. O-O-O Na5
11. Bd3 $146 (11. Bb3 Rc8 12. Kb1 a6 13. Qf2 Nc4 14. h4 b5 15. h5 b4 16. Nd5
Nxd5 17. exd5 Nxe3 18. Qxe3 a5 $17 {Psakhis,L-Moskow,E New York Reshevsky (8)
1992 1-0 23 -CBM 31}) 11... Rc8 12. h4 Rxc3 $5 13. bxc3 Qc7 14. Qe1 d5 $1 15.
e5 (15. exd5 Nxd5 16. Bd2 Nc4 $17) 15... Qxe5 16. Nb3 Nc6 17. g4 h5 18. g5 Ne8
19. Bd4 Nxd4 20. cxd4 Qd6 21. Qc3 b6 22. Rhe1 Nc7 23. Rxe7 (23. Kb1 Rc8 24. Qd2
Nb5 25. Bxb5 Bxb5 $17) 23... Ne6 (23... Qxe7 24. Qxc7 Qa3+ 25. Kb1 Be6 $15) 24.
Rxe6 Bxe6 25. Qd2 Rc8 26. c3 a5 $17 27. Kb1 a4 28. Nc1 b5 29. Ne2 Rb8 30. Qf4
Bf8 (30... Qb6 31. Ka1 {/\ Rb1}) 31. Qxd6 Bxd6 32. Kc2 b4 33. cxb4 Rxb4 34. Rb1
Rxb1 35. Kxb1 Kg7 36. Kc2 f6 37. gxf6+ Kxf6 38. Kd2 g5 39. hxg5+ Kxg5 40. Ke3
h4 41. Nc3 h3 42. Bf1 Kh4 43. Kf2 (43. Nxa4 h2 44. Bg2 Kg3 45. Bh1 Bh3 46. Nc3
Bg2 47. Ne2+ Kh3 $19) 43... a3 44. Nb5 Be7 45. Bd3 Bf6 46. Be2 Bd7 47. f4 Bg7
48. Bd3 Kg4 49. f5 Kf4 50. Kg1 Kg3 51. Kh1 Be8 52. Be2 Bd7 53. Bd3 Bf6 54. Nc3
Bc6 55. Ne2+ Kf3 56. Kh2 Ke3 57. Ba6 Bd7 58. Kxh3 Bxf5+ 59. Kg2 Be4+ 60. Kf1
Bxd4 61. Nxd4 Kxd4 62. Ke1 Bb1 63. Kd2 Bxa2 64. Kc2 Kc5 65. Bb7 d4 66. Be4 Kb4
67. Bf5 Bb3+ 68. Kb1 Kc3 69. Ka1 Bc2 70. Bg4 d3 71. Ka2 Kb4 {Boensch} (71...
Kb4 72. Bf5 Bb3+ 73. Ka1 d2 74. Bg4 Kc3 75. Bh5 Kd3 76. Bg4 Ke3 77. Bh5 Kf2 78.
Bg4 Ke1 79. Bh5 Bc4 80. Bg4 Be2 $19) 0-1

[Event "Lippstadt"]
[Site "Lippstadt"]
[Date "1994.??.??"]
[Round "9"]
[White "Luther, Thomas"]
[Black "Hoffmann, Michael"]
[Result "1-0"]
[WhiteElo "2515"]
[BlackElo "2470"]
[Annotator "Boensch,U"]
[PlyCount "103"]
[EventDate "1994.06.??"]
[EventType "tourn"]
[EventRounds "11"]
[EventCountry "GER"]
[EventCategory "8"]
[SourceTitle "CBM 043"]
[Source "ChessBase"]
[SourceDate "1994.12.01"]
[SourceVersion "1"]
[SourceVersionDate "1994.12.01"]
[SourceQuality "1"]

1. e4 c5 2. Nf3 d6 3. d4 cxd4 4. Nxd4 Nf6 5. Nc3 g6 6. Be3 Bg7 7. f3 Nc6 8. Qd2
O-O 9. O-O-O d5 10. Qe1 e6 $1 (10... e5 $6 11. Nxc6 bxc6 12. exd5 Nxd5 13. Bc4
Be6 14. Ne4 Qc7 15. Bc5 Rfd8 16. g4 Nf4 17. Qc3 Rd5 18. Kb1 Rad8 19. Bxd5 cxd5
20. Be3 $16 {Xie Jun-Gufeld,E Kuala Lumpur (07) 1994 1-0 36}) 11. h4 (11. g4 $6
e5 $1 (11... Qe7 12. Nb3 b6 $5 (12... Rd8 13. Bc5 Qc7 14. Qg3 Qxg3 15. hxg3 $10
) 13. Bb5 Bb7 14. Bxc6 Bxc6 15. Nd4 Bb7 16. e5 Nd7 17. f4 f6 $1 $15 {De la
Villa Garcia,J-Romero Holmes,H Leon (04) 0-1 31}) 12. Nxc6 bxc6 13. exd5 cxd5
14. Bg5 Bb7 15. Bc4 (15. Qxe5 h6 16. Bh4 g5 17. Be1 Nxg4 $17) 15... d4 16. Ne4
Rc8 17. Bb3 Qb6 18. Bxf6 Bxf6 19. h4 Rfd8 20. Kb1 a5 21. g5 Bg7 22. h5 Rb8 $1
$17 {Dvoirys,S-Tolnai,T EUCup Gr5 Balatonbereny 1993 0-1 39}) 11... Qc7 12. h5
(12. exd5 exd5 13. Qd2 Re8 14. Bf4 Qa5 15. Nb3 Qb4 16. a3 Qe7 17. Bg5 Be6 18.
Nb5 d4 19. N3xd4 $16 {Dvoirys,S-Los,S Groningen op (01) 1993 1-0 34}) 12...
Nxh5 (12... Nxd4 13. Bxd4 e5 14. Nb5 Qe7 15. Bc3 Nxh5 16. exd5 Bd7 17. g4 Nf4
18. Bb4 Qg5 19. Bd2 Bxb5 20. Bxb5 Rfd8 $10 {Sirigos,N-Alterman,B Komotoni op
1992 1/2 26}) 13. exd5 (13. g4 $5 $14) 13... Nxd4 (13... exd5 14. g4 Nf4 15.
Qh4 $40) 14. Bxd4 Bxd4 (14... Qg3 15. Qd2 $14) 15. Rxd4 Qg3 16. Qe3 exd5 17.
Nxd5 $14 Kh8 (17... Be6 $4 18. Rxh5 $1 gxh5 19. Rg4+ $3 hxg4 20. Qg5+ Kh8 21.
Qf6+ Kg8 22. Ne7#) 18. Re4 (18. Qe7 $2 Be6 19. Qxb7 Qe5 $19) 18... Bf5 (18...
Be6 $2 19. Qc3+ Ng7 20. Reh4 Qg5+ (20... h5 21. Rxh5+ $1 gxh5 22. Rxh5+ Kg8 23.
Nf6#) 21. f4 $18) 19. Re5 f6 20. Re7 (20. Rxf5 $1 Rae8 (20... gxf5 $2 21. Rxh5
Rae8 22. Nxf6 $1 $18) 21. Rfxh5 gxh5 (21... Rxe3 $2 22. Rxh7+ Kg8 23. Ne7+ Rxe7
24. Bc4+ Ref7 25. Rh8+ Kg7 26. R1h7#) 22. Qd4 Re1+ (22... Qe1+ 23. Qd1 Qf2 24.
Bb5 $18) 23. Kd2 Ra1 24. Kc3 $18) 20... Rad8 21. f4 (21. Qh6 $2 Rf7 $10) 21...
Qxe3+ (21... Rxd5 $4 22. Qxg3 Nxg3 23. Rhxh7+ Kg8 24. Reg7#) (21... Qg4 $2 22.
g3 Bxc2 23. Nc3 $18) 22. Nxe3 Bc8 23. g4 Ng7 24. Bd3 $6 (24. Bb5 Rd4 (24... a6
$2 {>< b6}) 25. f5 $16) 24... f5 25. gxf5 gxf5 26. Nc4 Rfe8 27. Ne5 (27. Rc7
Rd7 28. Rxd7 Bxd7 29. Nd6 Re7 $14) 27... Rxe7 28. Ng6+ Kg8 29. Nxe7+ Kh8 30.
Rh6 Be6 31. Rf6 Re8 32. Nxf5 Nh5 33. Rh6 Nxf4 34. Be4 Bxf5 35. Bxf5 Re7 36. Kd2
Kg8 (36... Kg7 $1 37. Rxh7+ Kf6 38. Rxe7 Kxe7 39. Ke3 Nh5 $1 40. Kd4 Kd6 $10)
37. c4 Rf7 38. Be4 Re7 39. Bc2 Kf8 $2 (39... Rd7+ 40. Kc3 Ne2+ 41. Kb4 Rd2 $10)
40. Rxh7 $2 (40. Bxh7 $16) 40... Rxh7 41. Bxh7 $14 Ke7 42. Ke3 Nh5 43. Kd4 Nf6
$2 (43... b6 $14) 44. Bf5 Kd6 (44... b6 45. c5 $16) 45. c5+ Kc6 46. b4 b6 47.
Ke5 Ne8 (47... bxc5 48. Kxf6 cxb4 49. Ke5 Kb5 (49... Kc5 50. Be6 a5 51. Bb3 Kb5
52. Kd4 a4 53. Bf7 b3 54. a3 $18) 50. Kd4 Ka4 51. Be6 a5 52. Kc5 Ka3 53. Bb3 a4
54. Kc4 $18) 48. Be4+ Kd7 (48... Kb5 49. c6 Kxb4 50. Bg6 Nc7 51. Kd6 Nb5+ 52.
Kd7 Kc5 53. Bd3 Nd6 54. c7 Kd5 55. Ba6 Kc5 56. Bc4 $1 $18) (48... Kc7 49. Bg6
bxc5 50. bxc5 Kd8 51. Bxe8 Kxe8 52. Kd6 Kd8 53. c6 $18) 49. b5 Nc7 (49... bxc5
50. Bc6+ Ke7 51. Bxe8 Kxe8 52. Kd5 Kd7 53. Kxc5 Kc7 54. a4 Kb7 55. a5 a6 56. b6
Kb8 $10) 50. cxb6 axb6 51. a4 Ke7 $4 (51... Kc8 52. Bc6 Kb8 53. Kd6 Ka7 $10)
52. Bf5 (52. Bf5 Ne8 53. Kd5 Nd6 54. Bh3 $18) 1-0

[Event "Leon"]
[Site "Leon"]
[Date "1992.??.??"]
[Round "4"]
[White "De la Villa Garcia, Jesus Maria"]
[Black "Romero Holmes, Alfonso"]
[Result "0-1"]
[WhiteElo "2450"]
[BlackElo "2490"]
[Annotator "Boensch,U"]
[PlyCount "62"]
[EventDate "1992.04.??"]
[EventType "tourn"]
[EventRounds "9"]
[EventCountry "ESP"]
[EventCategory "11"]
[SourceTitle "CBM 031"]
[Source "ChessBase"]
[SourceDate "1992.12.01"]
[SourceVersion "1"]
[SourceVersionDate "1992.12.01"]
[SourceQuality "1"]

1. e4 c5 2. Nf3 d6 3. d4 cxd4 4. Nxd4 Nf6 5. Nc3 g6 6. Be3 Bg7 7. f3 O-O 8. Qd2
Nc6 9. O-O-O d5 10. Qe1 e6 (10... e5 11. Nxc6 bxc6 12. exd5 cxd5 $146 (12...
Nxd5 13. Bc4 Be6 14. Ne4 Qc7 $146 (14... h6) 15. Bc5 Rfd8 16. Qh4 h6 17. g4 $14
{Kramnik,V-Rosseli,B Maringa 1991 -Inf.53/206}) 13. Bg5 Be6 14. Bc4 Qc7 15.
Bxf6 dxc4 16. Bxg7 Kxg7 17. Qe3 $14 {Kuporosov,V-Kovacevic,A Vrnjacka Banja 
(op) 1992 -Inf.54/210}) 11. g4 Qe7 (11... e5 $5 $146 12. Nxc6 bxc6 13. exd5
cxd5 14. Bg5 Bb7 15. Qxe5 $2 (15. Bc4 $13 {(Savchenko,S) -Inf.53/206}) 15... h6
16. Bh4 g5 17. Be1 Nxg4 18. Qg3 Ne3 19. Rd2 Qa5 20. Qf2 Bxc3 21. Kb1 Qb4 {
0-1 Morosevich,S-Savchenko,S Moskow7 op 1991}) 12. Nb3 b6 $146 (12... Rd8 13.
Bc5 Qc7 14. Qg3 Qxg3 15. hxg3 b6 16. Bf2 Bb7 17. g5 Nh5 18. exd5 Nb4 19. Be2
Nxd5 20. Ne4 h6 $10 {Dvoirys,S-Ernst,T Gausdal Peer Gynt (7) 1991 1/2 62}) 13.
Bb5 Bb7 14. Bxc6 Bxc6 15. Nd4 Bb7 16. e5 Nd7 17. f4 f6 $1 $15 18. exf6 Nxf6 19.
h3 Ne4 20. Nxe4 dxe4 21. Rh2 $6 e5 22. fxe5 Qxe5 23. Qd2 Rad8 24. c3 Ba6 25.
Rf2 Rxf2 26. Bxf2 Qa5 27. b3 (27. Kb1 Bd3+ 28. Ka1 Bc4 29. b3 Bxb3 $19) 27...
Rf8 28. Kb2 Bd3 29. Be3 Qe5 30. Bh6 $2 (30. Rg1 $17) 30... Bxh6 31. Qxh6 Rf2+ {
Boensch} (31... Rf2+ 32. Ka1 (32. Rd2 e3 $19) 32... Qa5 $19) 0-1

[Event "Hafnarfirdi"]
[Site "Hafnarfirdi"]
[Date "1992.??.??"]
[Round "10"]
[White "Arnason, Jon Loftur"]
[Black "Petursson, Margeir"]
[Result "1/2-1/2"]
[WhiteElo "2515"]
[BlackElo "2555"]
[Annotator "Boensch,U"]
[PlyCount "64"]
[EventDate "1992.03.??"]
[EventType "tourn"]
[EventRounds "11"]
[EventCountry "ISL"]
[EventCategory "7"]
[SourceTitle "CBM 029"]
[Source "ChessBase"]
[SourceDate "1992.08.01"]
[SourceVersion "1"]
[SourceVersionDate "1992.08.01"]
[SourceQuality "1"]

1. e4 c5 2. Nf3 d6 3. d4 cxd4 4. Nxd4 Nf6 5. Nc3 g6 6. Be3 Bg7 7. f3 O-O 8. Bc4
Nc6 9. Qe2 $5 Bd7 (9... Na5 10. Bd3 Nc6 (10... e5 11. Nb3 Be6 $10) 11. O-O-O d5
{N} 12. Bb5 Bd7 13. exd5 Nb4 14. Bc4 Rc8 15. a3 b5 16. Bb3 Rxc3 17. axb4 Rxb3
18. Nxb3 $18 {Arnason,J-Petursson,M Reykjavik 1992 -CBM 28}) 10. O-O-O Na5 {N}
(10... Ne5 11. Bb3 Rc8 12. g4 Rxc3 13. bxc3 Qa5 14. Bd2 Rc8 15. g5 $16 {
Arnason,J-Yrjola,J Helsinki Opybank 1991}) 11. Bb3 Nxb3+ 12. cxb3 (12. axb3 a6
{/\e5}) (12. Nxb3 a5 $40) 12... a6 13. Qd2 b5 14. Kb1 b4 15. Nce2 Qb8 (15... a5
$5) 16. g4 d5 $5 (16... e5 17. Nc2 Bb5 $13) 17. g5 Ne8 18. exd5 Qb7 19. Nf4 Nc7
20. Nc6 (20. Nc2 $2 Bf5 $36) 20... Bxc6 21. dxc6 Qxc6 22. Nd5 $10 (22. Qxb4
Qxf3 $17) 22... Nxd5 23. Qxd5 Rac8 24. Qxc6 Rxc6 25. Rhe1 f6 (25... Rfc8 26.
Rc1 $10) 26. gxf6 Bxf6 27. Rc1 Rfc8 28. Rxc6 Rxc6 29. Bd2 a5 30. a3 Rd6 31. Kc2
Rc6+ (31... bxa3 $2 32. bxa3 $16) 32. Kb1 Rd6 {Boensch} 1/2-1/2

[Event "ISL-FRA"]
[Site "Reykjavik"]
[Date "1993.??.??"]
[Round "5"]
[White "Arnason, Jon Loftur"]
[Black "Koch, Jean Rene"]
[Result "0-1"]
[WhiteElo "2535"]
[BlackElo "2450"]
[Annotator "Boensch,U"]
[PlyCount "80"]
[EventDate "1993.??.??"]
[EventType "schev"]
[EventRounds "10"]
[EventCountry "ISL"]
[SourceTitle "CBM 035"]
[Source "ChessBase"]
[SourceDate "1993.08.01"]
[SourceVersion "1"]
[SourceVersionDate "1993.08.01"]
[SourceQuality "1"]

1. e4 c5 2. Nf3 d6 3. d4 cxd4 4. Nxd4 Nf6 5. Nc3 g6 6. Be3 Bg7 7. f3 O-O 8. Bc4
Nc6 9. Qe2 $5 {Nordic Variation} Bd7 (9... Na5 $5 10. Bd3 (10. Bb3 $2 e5 11.
Ndb5 a6 $17) 10... Nc6 $5 (10... Bd7) (10... a6) 11. O-O-O d5 $2 (11... Ne5)
12. Bb5 $1 Bd7 13. exd5 Nb4 14. Bc4 Rc8 15. a3 $16 {Arnason,J-Petursson,M
Reykjavik (06) 1992 1-0 46}) 10. O-O-O Na5 (10... Rc8 11. Bb3 a6 (11... Ne5 12.
g4 Rxc3 $5 13. bxc3 Qa5 14. Kb1 $2 (14. Bd2 $1 Rc8 15. g5 Nh5 16. f4 Nxf4 17.
Bxf4 Qxc3 18. Qe3 Qa1+ 19. Kd2 Qxd4+ 20. Qxd4 Nf3+ 21. Ke3 Nxd4 22. Rxd4 Bxd4+
23. Kxd4 e5+ 24. Bxe5 dxe5+ 25. Kxe5 $16 {Arnason,J-Yrjola,J Helsinki Opybank
1991 1-0 50}) 14... Rc8 15. h4 Qxc3 16. h5 a5 17. hxg6 hxg6 18. Bh6 a4 $17 {
Richagov,M-Olesen,M Gausdal Arnold Cup 1991 0-1 27}) 12. g4 Na5 13. Qd3 b5 14.
Kb1 Nc4 15. Bc1 Rc5 16. h4 Qb8 17. h5 d5 18. hxg6 hxg6 19. exd5 Nxd5 20. Ne4
Rcc8 $16 {Wedberg,T-Karason,A Gausdal Arnold Cup (4) 1991 1-0 30}) 11. Bb3 (11.
Bd3 Rc8 12. h4 Rxc3 13. bxc3 Qc7 14. Qe1 d5 $1 15. e5 (15. exd5 $2 Nxd5 16. Bd2
Nc4 $17) 15... Qxe5 16. Nb3 Nc6 17. g4 h5 18. g5 Ne8 19. Bd4 Nxd4 20. cxd4 Qd6
$17 {Hector,J-Yrjola,J Nordic zt (05) 1992 0-1 71 -CBM 31}) 11... a6 (11...
Nxb3+ 12. cxb3 a6 (12... Rc8 13. Kb1 a6 14. h4 h5 15. Ka1 Qa5 16. Qd2 Rfd8 17.
Bg5 Re8 18. Nde2 Be6 19. Nd4 {1/2 Berzinsh,R-Maidla,G Debrecen EU-chT (3) 1992}
) 13. Kb1 (13. Qd2 b5 14. Kb1 b4 15. Nce2 Qb8 16. g4 d5 17. g5 Ne8 18. exd5 Qb7
$10 {Arnason,J-Petursson,M Hafnarfirdi (10) 1992 1/2 32}) 13... b5 14. Rc1 Rc8
15. Qd2 b4 16. Nce2 a5 17. g4 e5 18. Rxc8 Qxc8 $10 {Hector,J-Petursson,M
Nordic zt (06) 1992 1-0 60}) (11... Rc8 12. Kb1 a6 13. Qf2 Nc4 14. h4 b5 15. h5
b4 16. Nd5 Nxd5 17. exd5 Nxe3 18. Qxe3 a5 $17 {Psakhis,L-Moskow,E New York
Reshevsky (8) 1992 1-0 23 -CBM 31}) 12. Qf2 b5 13. Kb1 Nxb3 14. cxb3 b4 15. Nd5
(15. Nce2 $5) 15... Nxd5 16. exd5 a5 17. Qd2 a4 $1 18. Qxb4 axb3 19. a3 (19.
Nxb3 $2 Bf5+ 20. Ka1 Qd7 $19) (19. Qxb3 Ba4 $19) (19. axb3 Qc8 $19) 19... Qc8
20. Rc1 Qa6 21. Qc4 Bxd4 $1 22. Bxd4 (22. Qxa6 $2 Bf5+ 23. Ka1 Bxb2+ 24. Kxb2
Rxa6 $17) 22... Bf5+ 23. Ka1 Bc2 24. Rxc2 $2 (24. Qxa6 Rxa6 25. Rhe1 Re8 $15)
24... bxc2 25. Qxc2 Qb5 $17 26. Qe4 Ra4 27. Rd1 Qb3 28. Qd3 (28. Rd3 Qc2 $19)
28... Qxd5 $19 29. Bc3 Qc6 30. Ka2 Rfa8 31. Bd2 d5 32. Rc1 Rc4 33. Re1 Re8 34.
Bc3 d4 35. Bd2 e5 36. Bh6 Qd5 37. Kb1 Rec8 38. f4 e4 39. Qh3 (39. Qxe4 $2 Rc1+
40. Rxc1 Rxc1+ 41. Kxc1 Qxe4 $19) 39... d3 40. Qh4 d2 {Boensch} 0-1

[Event "Elenite"]
[Site "Elenite"]
[Date "1995.??.??"]
[Round "3"]
[White "Georgiev, Kiril"]
[Black "Alterman, Boris"]
[Result "1/2-1/2"]
[WhiteElo "2605"]
[BlackElo "2595"]
[Annotator "Boensch,U"]
[PlyCount "51"]
[EventDate "1995.09.??"]
[EventType "tourn"]
[EventRounds "9"]
[EventCountry "BUL"]
[EventCategory "15"]
[SourceTitle "CBM 050"]
[Source "ChessBase"]
[SourceDate "1996.02.01"]
[SourceVersion "1"]
[SourceVersionDate "1996.02.01"]
[SourceQuality "1"]

1. e4 c5 2. Nf3 d6 3. d4 cxd4 4. Nxd4 Nf6 5. Nc3 g6 6. Be3 Bg7 7. f3 O-O 8. Qd2
Nc6 9. O-O-O (9. g4 Be6 10. O-O-O Nxd4 11. Bxd4 Qa5 12. a3 Rab8 13. h4 b5 14.
Nd5 Qxd2+ 15. Rxd2 Bxd5 16. exd5 a5 $10 {Dolmatov,S-Alterman,B Elenite (05)
1995 1/2 54 - CBM 50}) 9... d5 10. exd5 (10. Qe1 e5 11. Nxc6 bxc6 12. exd5 Nxd5
13. Bc4 Be6 14. Ne4 Qc7 15. Bc5 Rfd8 16. Ng5 Bc8 17. g4 h6 18. Ne4 Be6 19. Qf2
f5 20. gxf5 gxf5 $10 {Lukin,A-Tiviakov,S RUS-ch Elista (05) 1995 1-0 43 - CBM
50}) (10. Kb1 Nxd4 11. e5 $5 Nd7 $146 12. Bxd4 Nxe5 13. Qe3 Nd7 14. Bxg7 Kxg7
15. Nxd5 e6 16. Nc3 $14 {Landa,K-Tolnai,T Balatonbereny (08) 1995 1-0 50 - CBM
50}) 10... Nxd5 11. Nxc6 bxc6 12. Bd4 e5 13. Bc5 Re8 14. Ne4 f5 15. Nd6 Bf8 16.
Bb5 Bd7 17. Rhe1 (17. c4 $5 e4 $6 (17... Bxd6 $142 $1 18. Bxd6 Nb6 19. Ba6 Bc8
$1 $10) 18. fxe4 fxe4 19. Ba4 e3 20. Bxe3 Bxd6 21. cxd5 Qh4 22. dxc6 Qxa4 23.
cxd7 $16 {Sutovskij,E-Alterman,B Rishon e Zion (11) 1994 1/2 74 - CBM 45})
17... Re6 18. Nb7 Qc7 19. Ba6 Bc8 20. Bxf8 Bxb7 21. Bxb7 Qxb7 22. Ba3 Qa6 $146
{=} (22... a5 23. b3 a4 24. Bb2 axb3 25. axb3 Rae8 26. c4 (26. g3 Qa7 27. Re2
e4 28. fxe4 fxe4 29. c4 e3 30. Qd4 Qxd4 31. Bxd4 $10 {Wedberg,T-Ernst,T
Stockholm (08) 1995 1/2 35 - EXP 49}) 26... Nf6 27. Kc2 Qf7 28. Qc3 h6 29. Re2
Kh7 30. Red2 Qe7 $10 {Beliavsky,A-Khalifman,A Belgrade (4) 1993 1/2 43}) 23.
Kb1 (23. g4 $2 fxg4 24. fxg4 Qc4 $15 {[%cal Gc4g4,Gc4a2]}) 23... Rae8 24. Qd3 (
24. g4 $5) 24... Qxd3 25. cxd3 (25. Rxd3 e4 $15) 25... h5 26. Bc5 1/2-1/2

[Event "EU-Cup 09th Group5"]
[Site "Balatonbereny"]
[Date "1993.??.??"]
[Round "3"]
[White "Dvoirys, Semen I"]
[Black "Tolnai, Tibor"]
[Result "0-1"]
[WhiteElo "2590"]
[BlackElo "2490"]
[Annotator "Boensch,U"]
[PlyCount "78"]
[EventDate "1993.09.07"]
[EventType "team-k.o."]
[EventRounds "3"]
[EventCountry "HUN"]
[SourceTitle "EXT 2020"]
[Source "ChessBase"]
[SourceDate "2019.10.17"]
[SourceVersion "1"]
[SourceVersionDate "2019.10.17"]
[SourceQuality "1"]
[WhiteTeam "Chelyabinsk Poliot"]
[BlackTeam "Budapest Honved"]
[WhiteTeamCountry "RUS"]
[BlackTeamCountry "HUN"]

1. e4 {Ernst} c5 2. Nf3 d6 3. d4 cxd4 4. Nxd4 Nf6 5. Nc3 g6 6. Be3 Bg7 7. f3
Nc6 8. Qd2 O-O 9. O-O-O d5 10. Qe1 e6 (10... e5 $5) 11. g4 $6 (11. h4 Re8 (
11... Qc7 12. h5 Nxd4 13. Bxd4 e5 14. Nb5 Qe7 15. Bc3 Nxh5 16. exd5 Bd7 17. g4
Nf4 $10 {Sirigos,N-Alterman,B Komotini op 1992 1/2 26}) (11... Qc7 $1 $10 {
Ernst}) 12. Nb3 Na5 13. h5 Nxb3+ 14. axb3 Qa5 15. hxg6 fxg6 16. Kb1 dxe4 17.
fxe4 $16 {Smagin,S-Rajkovic,D BL9091 Dortmund-Sindelfingen [2] 1990 1-0 34})
11... e5 $1 (11... Qe7 12. Nb3 b6 (12... Rd8 13. Bc5 Qc7 14. Qg3 Qxg3 15. hxg3
$10 {Dvoirys,S-Ernst,T Gausdal Peer Gynt (07) 1991 1/2 62}) 13. Bb5 Bb7 14.
Bxc6 (14. exd5 Nxd5 15. Nxd5 exd5 16. Bxc6 Bxc6 17. Bd4 $14 {Videki,S-Tolnai,T
Balatonbereny op (06) 1992 0-1 44}) 14... Bxc6 15. Nd4 Bb7 16. e5 Nd7 17. f4 f6
$15 {De la Villa Garcia,J-Romero Holmes,A Leon (04) 1992 0-1 31}) (11... Qe7 $5
{Ernst}) 12. Nxc6 bxc6 13. exd5 (13. g5 d4 $17) 13... cxd5 14. Bg5 (14. g5 $2
d4 15. gxf6 Qxf6 16. Ne4 Qxf3 $19) 14... Bb7 15. Bc4 (15. Qxe5 h6 16. Bh4 g5
17. Be1 Nxg4 18. Qg3 Ne3 19. Rd2 Qa5 20. Qf2 Bxc3 21. Kb1 Qb4 {0-1
Morosevich-Savchenko,S Moskow7 op 1991}) 15... d4 16. Ne4 (16. Qxe5 {Ernst}
Bxf3 17. Rxd4 Qb6 18. Rd6 (18. Na4 $2 Qc6 19. Bb5 Qb7 $19) 18... Qc7 $44) 16...
Rc8 (16... Qb6 $15) 17. Bb3 Qb6 18. Bxf6 Bxf6 19. h4 Rfd8 20. Kb1 (20. g5 {
Ernst} Bg7 21. h5 d3 $17) 20... a5 21. g5 Bg7 22. h5 Rb8 $1 $17 23. hxg6 hxg6
24. Nf6+ (24. a4 Bd5 25. Rd3 Bc4 $19) (24. Qh4 {Ernst} a4 (24... Bxe4 $6 25.
fxe4 a4 26. Rdf1 axb3 27. Qh7+ Kf8 28. Rxf7+ Kxf7 29. Rf1+ Ke8 30. Qg8+ Kd7 31.
Qxg7+ Kc8 $17) 25. Nf6+ Kf8 26. Qh7 axb3 27. Qg8+ Ke7 28. Qxg7 bxc2+ 29. Kxc2
Bxf3 30. Ng8+ Rxg8 31. Qxe5+ Kf8 $19) 24... Bxf6 25. gxf6 Qxf6 26. Qxa5 Bxf3
$19 27. Rdf1 e4 28. Qc7 Rf8 29. Qg3 (29. Qh2 Qg7) 29... Kg7 30. Rh4 Qe7 (30...
Rh8 $2 31. Rf4 $18) 31. Rf4 Rb6 32. Qf2 Qe5 33. Qg3 Rf6 34. Rg4 Qb5 $1 35. Re1
Bxg4 36. Qxg4 Qf5 37. Qd1 Rd8 38. a4 d3 39. Qd2 Qf4 0-1